1461 1711 1771 1428 1678 1602 1526 1485 2000 1343 1896 1008 1984 1019 1442 1382 1528 1180 1936 1756 1865 1060 1672 1942 1102 1810 1510 1167 1421 1073 1574 1767 1549 1402 1556 1098 1515 1812 1704 1860 1037 1805 1487 1042 1159 1772 1572 1836 1485 1605 1395 1461 1862 1098 1024 1371 1627 1610 1147 1021 1768 1039 1330 1460 1112 1855 1769 1418 1588 1196 1474 1674 1743 1214 1936 1196 1028 1042 1110 1173 1568 1731 1344 1968 1666 1545 1731 1240 1503 1363 1690 1141 1794 1077 1686 1126 1279 1590 1005 BCNSPRNW ULIB Ver.6.0+V

เปลี่ยนเป็นภาษาไทย

Change to English
 แสดงรายละเอียดบรรณานุกรม
  กลับหน้าหลัก

Brief Record : Get Marc (ISO 2709) : E-mail record : QR code < ปิดหน้าต่าง
LEADER : 00000nam 2200000uu 4500
001    13399113031
003     ULIB
008    110922s2553||||th 000 0 tha d
020    9741105347
060 04 WY100^bท377 2553
245 00 ทักษะพื้นฐานทางการพยาบาล =^bBasic skills in nursing /^cบรรณาธิการ, สิริรัตน์ ฉัตรชัยสุชา, ปรางค์ทิพย์ อุจะรัตน,ณัฐสุรางค์ บุญจันทร์
246 31 Basic skills in nursing
250    พิมพ์ครั้งที่ 3 ปรับปรุงใหม่
260    กรุงเทพฯ :^bภาควิชาการพยาบาลรากฐาน คณะพยาบาลศาสตร์มหาวิทยาลัยมหิดล, ^c2553
300    xiii, 345 หน้า :^bภาพประกอบ ;^c26 ซม.
504    บรรณานุกรมและดรรชนี
650  7 การพยาบาล
700 0  สิริรัตน์ ฉัตรชัยสุชา;^eบรรณาธิการ
700 0  ปรางค์ทิพย์ อุจะรัตน;^eบรรณาธิการ
700 0  ณัฐสุรางค์ บุญจันทร์;^eบรรณาธิการ
710 2  มหาวิทยาลัยมหิดล. ^bคณะพยาบาลศาสตร์.^bภาควิชาการพยาบาลรากฐาน
945    ^p300^l0^i18616
995     กัณชพร
999     ^aใช้งานได้ทุกระบบ
รายการนี้ยังไม่มีแท็ก
คุณยังไม่ได้ล็อกอิน คุณสามารถมีกิจกรรมร่วมกับเว็บไซต์ได้ แต่ต้องล็อกอินก่อน ::
  ล็อกอิน

รายการสื่อสารสนเทศ

ลำดับที่ ประเภท เลขเรียก/บาร์โค้ด สถานที่ สถานะ
- ไม่พบข้อมูล -

รายการใกล้เคียง
    หัวเรื่อง [การพยาบาล]

BibComment


ยังไม่เคยถูกคอมเมนท์

คอมเมนท์ทรัพยากรรายการนี้
  คอมเมนท์: ทักษะพื้นฐานทางกา..


 Copyright 2026. Bcnsprnw @Library